00605nam a2200145Ia 4500008004100000024006800041082001700109100009000126245003000216260002600246600002500272650003800297856010700335999001700442260210s9999 xx 000 0 und d a17B-085-SE, 17B-093-SE, 17B-095-SE, 17B-103-SE & 17B-128-SE a006.9072 MUB aMubashir Ahmed, Muhammad Ali, Shaheer Bin Afaq, Syeda Zunaira Ahmed & Hamza Anwer 0aCarex Appointments System aKarachi:bUITU,c2017 aSoftware Engineering aBachelor of Computer Science (BS) uhttps://drive.google.com/file/d/17DdiZNnWg9mBKUrZdt3ICxNKLjXjbC2b/view?usp=sharingyClick here for PDF c33462d33462